000
00234nam a2200109Ia 4500
999
_c
7280
_d
7280
020
_a
978-0199535736
100
_a
John Stuart Mill
245
0
_a
On Liberty and Other Essays
260
_a
UK
_b
Oxford
_c
1998
300
_a
604
942
_c
BK